00475nam a2200133 a 45000010005000000030005000050050017000100080041000270200015000680400026000831100031001092450124001402600077002645156CDMR20130320111203.0130130s1990||||||||||||||||||||||||||||d a8439313926 aCDMRbcatcCPC GIRONA aCatalunyab -- Generalitat10aLlei sobre policia de l'espectacle, les activitats recreatives i els establiments públicsb: D.O.G.C. 1308, 22.6.1990 c1990bGeneralitat de Catalunya. Departament de Governacióa[Barcelona]